[Event "European Individual Blitz Chess Championship 2016"]
[Site "?"]
[Date "2016.12.18"]
[Round "19.29"]
[White "Tregubov, Pavel V."]
[Black "Meskovs, Nikita"]
[Result "1/2-1/2"]
[BlackElo "2531"]
[WhiteElo "2397"]
[LiveChessVersion "1.4.7"]

1. d4 {[%clk 0:03:03]} Nf6 {[%clk 0:03:03]} 2. c4 {[%clk 0:03:04]} c5
{[%clk 0:03:04]} 3. d5 {[%clk 0:03:06]} e6 {[%clk 0:03:05]} 4. Nc3
{[%clk 0:03:06]} exd5 {[%clk 0:03:06]} 5. cxd5 {[%clk 0:03:07]} d6
{[%clk 0:03:07]} 6. Nf3 {[%clk 0:03:07]} g6 {[%clk 0:03:07]} 7. Bf4
{[%clk 0:03:08]} a6 {[%clk 0:03:08]} 8. a4 {[%clk 0:03:09]} Bg7 {[%clk 0:03:09]}
9. h3 {[%clk 0:03:11]} O-O {[%clk 0:03:09]} 10. e3 {[%clk 0:03:12]} Ne8
{[%clk 0:03:09]} 11. Be2 {[%clk 0:03:11]} Nd7 {[%clk 0:03:10]} 12. O-O
{[%clk 0:03:11]} Rb8 {[%clk 0:03:09]} 13. Re1 {[%clk 0:03:07]} Qe7
{[%clk 0:03:05]} 14. Bf1 {[%clk 0:03:02]} Nc7 {[%clk 0:02:39]} 15. a5
{[%clk 0:02:54]} b5 {[%clk 0:02:40]} 16. axb6 {[%clk 0:02:54]} Rxb6
{[%clk 0:02:40]} 17. Qc2 {[%clk 0:02:14]} Rb4 {[%clk 0:02:39]} 18. Nd2
{[%clk 0:02:09]} Nb6 {[%clk 0:02:20]} 19. e4 {[%clk 0:02:05]} Nb5
{[%clk 0:01:56]} 20. Bxb5 {[%clk 0:01:24]} axb5 {[%clk 0:01:56]} 21. Bh2
{[%clk 0:01:13]} Bd4 {[%clk 0:01:23]} 22. Nf3 {[%clk 0:01:06]} Nc4
{[%clk 0:00:47]} 23. b3 {[%clk 0:01:05]} Ne5 {[%clk 0:00:31]} 24. Nxd4
{[%clk 0:00:51]} Rxd4 {[%clk 0:00:28]} 25. Nxb5 {[%clk 0:00:45]} Rb4
{[%clk 0:00:29]} 26. Na7 {[%clk 0:00:37]} Bb7 {[%clk 0:00:20]} 27. Qc3
{[%clk 0:00:25]} Re8 {[%clk 0:00:20]} 28. f3 h5 {[%clk 0:00:16]} 29. Bxe5
{[%clk 0:00:17]} Qxe5 {[%clk 0:00:17]} 30. Qxe5 {[%clk 0:00:18]} Rxe5
{[%clk 0:00:18]} 31. Nc6 {[%clk 0:00:14]} Bxc6 {[%clk 0:00:18]} 32. dxc6
{[%clk 0:00:16]} Re7 {[%clk 0:00:19]} 33. Red1 {[%clk 0:00:17]} Rxb3
{[%clk 0:00:12]} 34. Rxd6 {[%clk 0:00:18]} Rc7 {[%clk 0:00:12]} 35. Rc1
{[%clk 0:00:18]} Rb5 {[%clk 0:00:13]} 36. Kf2 {[%clk 0:00:15]} Kf8
{[%clk 0:00:08]} 37. e5 {[%clk 0:00:16]} h4 {[%clk 0:00:06]} 38. f4
{[%clk 0:00:16]} Ke7 {[%clk 0:00:06]} 39. Kf3 {[%clk 0:00:17]} Rb3+
{[%clk 0:00:06]} 40. Ke4 {[%clk 0:00:15]} Rb4+ {[%clk 0:00:07]} 41. Kd5
{[%clk 0:00:11]} Rxf4 {[%clk 0:00:06]} 42. Kxc5 {[%clk 0:00:08]} Ra4
{[%clk 0:00:05]} 43. Rb1 {[%clk 0:00:09]} Ra5+ {[%clk 0:00:05]} 44. Rb5
{[%clk 0:00:10]} Ra6 {[%clk 0:00:06]} 45. Rb7 {[%clk 0:00:10]} Raxc6+
{[%clk 0:00:07]} 46. Rxc6 {[%clk 0:00:10]} Rxb7 47. Kd5 {[%clk 0:00:09]} Rb2
{[%clk 0:00:07]} 48. Rc4 Rd2+ {[%clk 0:00:07]} 49. Rd4 {[%clk 0:00:09]} Rxg2
{[%clk 0:00:05]} 50. Rxh4 {[%clk 0:00:09]} Rd2+ {[%clk 0:00:05]} 51. Ke4
{[%clk 0:00:11]} Ra2 {[%clk 0:00:04]} 52. Rh8 {[%clk 0:00:10]} Ra4+
{[%clk 0:00:04]} 53. Kd5 {[%clk 0:00:11]} Ra5+ {[%clk 0:00:06]} 54. Ke4
{[%clk 0:00:11]} Ra4+ {[%clk 0:00:06]} 55. Kd5 {[%clk 0:00:12]} Ra5+
{[%clk 0:00:06]} 56. Ke4 1/2-1/2

[Event "European Individual Blitz Chess Championship 2016"]
[Site "?"]
[Date "2016.12.18"]
[Round "20.11"]
[White "Ponomariov, Ruslan"]
[Black "Kovalenko, Igor"]
[Result "1-0"]
[BlackElo "2667"]
[WhiteElo "2743"]
[LiveChessVersion "1.4.7"]

1. d4 {[%clk 0:03:03]} Nf6 {[%clk 0:03:03]} 2. c4 {[%clk 0:03:04]} e6
{[%clk 0:03:04]} 3. Nc3 {[%clk 0:03:05]} Bb4 {[%clk 0:03:05]} 4. e3
{[%clk 0:03:06]} c5 {[%clk 0:03:01]} 5. Nge2 {[%clk 0:03:03]} d6 {[%clk 0:03:02]}
6. g3 {[%clk 0:02:48]} d5 {[%clk 0:02:39]} 7. a3 {[%clk 0:02:25]} Bxc3+
{[%clk 0:02:39]} 8. Nxc3 {[%clk 0:02:26]} cxd4 {[%clk 0:02:37]} 9. Qxd4
{[%clk 0:02:06]} Nc6 {[%clk 0:02:38]} 10. Qd1 {[%clk 0:02:07]} O-O
{[%clk 0:02:27]} 11. cxd5 {[%clk 0:01:52]} exd5 {[%clk 0:02:29]} 12. Bg2
{[%clk 0:01:53]} Bg4 {[%clk 0:02:27]} 13. f3 {[%clk 0:01:51]} Be6
{[%clk 0:02:28]} 14. O-O {[%clk 0:01:51]} d4 {[%clk 0:02:30]} 15. exd4
{[%clk 0:01:50]} Nxd4 {[%clk 0:02:21]} 16. Be3 {[%clk 0:01:48]} Nf5
{[%clk 0:02:13]} 17. Bc5 {[%clk 0:01:35]} Re8 {[%clk 0:02:00]} 18. Qxd8
{[%clk 0:01:36]} Rexd8 {[%clk 0:01:58]} 19. Rfd1 {[%clk 0:01:35]} b6
{[%clk 0:01:38]} 20. Bf2 {[%clk 0:01:35]} Bb3 {[%clk 0:01:39]} 21. Rxd8+
{[%clk 0:01:30]} Rxd8 {[%clk 0:01:41]} 22. g4 {[%clk 0:00:59]} Nd6
{[%clk 0:01:37]} 23. Bh4 {[%clk 0:00:50]} Re8 {[%clk 0:01:17]} 24. Bf1
{[%clk 0:00:50]} Nd7 {[%clk 0:01:14]} 25. Nb5 {[%clk 0:00:40]} Re6
{[%clk 0:00:22]} 26. Nd4 {[%clk 0:00:39]} Ne5 {[%clk 0:00:13]} 27. Bg3
{[%clk 0:00:28]} Nxf3+ {[%clk 0:00:13]} 28. Nxf3 {[%clk 0:00:29]} Rg6
{[%clk 0:00:14]} 29. Ne5 {[%clk 0:00:27]} Re6 {[%clk 0:00:14]} 30. Rc1
{[%clk 0:00:27]} h5 {[%clk 0:00:11]} 31. gxh5 {[%clk 0:00:26]} f6
{[%clk 0:00:07]} 32. Ng6 {[%clk 0:00:25]} Bd5 {[%clk 0:00:06]} 33. Rd1
{[%clk 0:00:24]} 1-0

[Event "European Individual Blitz Chess Championship 2016"]
[Site "?"]
[Date "2016.12.18"]
[Round "20.18"]
[White "Grandelius, Nils"]
[Black "Sychev, Klementy"]
[Result "0-1"]
[BlackElo "2535"]
[WhiteElo "2602"]
[LiveChessVersion "1.4.7"]

1. d4 {[%clk 0:03:03]} Nf6 {[%clk 0:03:04]} 2. Nc3 {[%clk 0:03:04]} d5
{[%clk 0:03:05]} 3. Bf4 {[%clk 0:03:05]} c5 {[%clk 0:03:06]} 4. e4
{[%clk 0:03:06]} Nxe4 {[%clk 0:03:03]} 5. Bb5+ {[%clk 0:03:07]} Nc6
{[%clk 0:02:36]} 6. Nxe4 {[%clk 0:03:02]} dxe4 {[%clk 0:02:36]} 7. Ne2
{[%clk 0:03:02]} e6 {[%clk 0:02:31]} 8. O-O {[%clk 0:02:55]} a6 {[%clk 0:02:07]}
9. Bxc6+ {[%clk 0:02:28]} bxc6 {[%clk 0:02:08]} 10. dxc5 {[%clk 0:02:29]} Bxc5
{[%clk 0:02:00]} 11. Qxd8+ {[%clk 0:02:27]} Kxd8 {[%clk 0:02:01]} 12. Nc3
{[%clk 0:02:22]} f5 {[%clk 0:01:55]} 13. Rad1+ {[%clk 0:02:21]} Ke7
{[%clk 0:01:54]} 14. Na4 {[%clk 0:02:14]} Ba7 {[%clk 0:01:55]} 15. Bg5+
{[%clk 0:02:06]} Kf7 {[%clk 0:01:55]} 16. Rd6 {[%clk 0:02:06]} Bb8
{[%clk 0:01:45]} 17. Rd4 {[%clk 0:01:43]} e5 {[%clk 0:01:23]} 18. Rc4
{[%clk 0:01:18]} Be6 {[%clk 0:01:23]} 19. Rc3 {[%clk 0:01:19]} f4
{[%clk 0:01:19]} 20. Rd1 {[%clk 0:01:11]} h6 {[%clk 0:01:12]} 21. Bd8
{[%clk 0:01:12]} Ba7 {[%clk 0:01:06]} 22. Bb6 {[%clk 0:01:08]} Bxb6
{[%clk 0:01:05]} 23. Nxb6 {[%clk 0:01:10]} Rad8 {[%clk 0:01:06]} 24. Re1
{[%clk 0:01:06]} Rd4 {[%clk 0:00:56]} 25. Rc5 {[%clk 0:00:54]} Rb8
{[%clk 0:00:34]} 26. Rxc6 {[%clk 0:00:48]} Rbd8 {[%clk 0:00:35]} 27. Kf1
{[%clk 0:00:47]} f3 {[%clk 0:00:27]} 28. Rc3 {[%clk 0:00:44]} R8d6
{[%clk 0:00:26]} 29. Na8 {[%clk 0:00:34]} Bc4+ {[%clk 0:00:13]} 30. Kg1
{[%clk 0:00:34]} Rd1 {[%clk 0:00:14]} 31. Rce3 {[%clk 0:00:35]} Rxe1+
{[%clk 0:00:13]} 32. Rxe1 {[%clk 0:00:36]} Rd2 {[%clk 0:00:11]} 33. Nb6
{[%clk 0:00:31]} e3 {[%clk 0:00:08]} 34. Nxc4 {[%clk 0:00:23]} exf2+
{[%clk 0:00:09]} 35. Kf1 {[%clk 0:00:25]} 0-1

[Event "European Individual Blitz Chess Championship 2016"]
[Site "?"]
[Date "2016.12.18"]
[Round "20.28"]
[White "Jussupow, Artur"]
[Black "Narmontas, Matas"]
[Result "0-1"]
[BlackElo "2371"]
[WhiteElo "2547"]
[LiveChessVersion "1.4.7"]

1. d4 {[%clk 0:03:03]} d5 {[%clk 0:03:04]} 2. Nf3 {[%clk 0:03:03]} c6
{[%clk 0:03:05]} 3. e3 {[%clk 0:03:02]} Bg4 {[%clk 0:03:05]} 4. Bd3
{[%clk 0:02:50]} Nd7 {[%clk 0:03:01]} 5. h3 {[%clk 0:02:49]} Bh5 {[%clk 0:03:01]}
6. Nbd2 {[%clk 0:02:48]} e5 {[%clk 0:02:25]} 7. e4 {[%clk 0:02:49]} exd4
{[%clk 0:01:57]} 8. exd5 {[%clk 0:02:42]} cxd5 {[%clk 0:01:56]} 9. O-O
{[%clk 0:02:42]} Ngf6 {[%clk 0:01:56]} 10. Re1+ {[%clk 0:02:38]} Be7
{[%clk 0:01:57]} 11. Qe2 {[%clk 0:02:39]} Nc5 {[%clk 0:01:44]} 12. g4
{[%clk 0:02:28]} Bg6 {[%clk 0:01:45]} 13. Nxd4 {[%clk 0:02:28]} Nfe4
{[%clk 0:00:55]} 14. Nxe4 {[%clk 0:02:02]} dxe4 {[%clk 0:00:49]} 15. Bb5+
{[%clk 0:02:01]} Kf8 {[%clk 0:00:50]} 16. b4 {[%clk 0:01:52]} Qxd4
{[%clk 0:00:48]} 17. Be3 {[%clk 0:01:52]} Qxb4 {[%clk 0:00:48]} 18. Rab1
{[%clk 0:01:51]} Qa5 {[%clk 0:00:36]} 19. Qc4 {[%clk 0:01:51]} Ne6
{[%clk 0:00:29]} 20. Bd7 {[%clk 0:01:50]} Qa6 {[%clk 0:00:29]} 21. Bxe6
{[%clk 0:01:47]} Qxe6 {[%clk 0:00:28]} 22. Qxe6 {[%clk 0:01:43]} fxe6
{[%clk 0:00:29]} 23. Rxb7 {[%clk 0:01:44]} Kf7 {[%clk 0:00:25]} 24. Bc5
{[%clk 0:01:42]} Rhe8 {[%clk 0:00:26]} 25. Rd1 {[%clk 0:01:44]} Kf8
{[%clk 0:00:24]} 26. Rxe7 {[%clk 0:01:44]} Rxe7 {[%clk 0:00:25]} 27. Rd7
{[%clk 0:01:45]} Rae8 {[%clk 0:00:25]} 28. Rxa7 {[%clk 0:01:46]} Kf7
{[%clk 0:00:24]} 29. Bxe7 {[%clk 0:01:46]} Rxe7 {[%clk 0:00:25]} 30. Ra4
{[%clk 0:01:43]} Rc7 {[%clk 0:00:26]} 31. c4 {[%clk 0:01:44]} Ke7
{[%clk 0:00:27]} 32. Kf1 {[%clk 0:01:43]} Be8 {[%clk 0:00:27]} 33. Rb4
{[%clk 0:01:44]} Ra7 {[%clk 0:00:29]} 34. Rb2 {[%clk 0:01:43]} Kd6
{[%clk 0:00:29]} 35. Ke2 {[%clk 0:01:43]} Kc5 {[%clk 0:00:30]} 36. Ke3
{[%clk 0:01:45]} Bc6 {[%clk 0:00:31]} 37. Rc2 {[%clk 0:01:45]} Ra3+
{[%clk 0:00:32]} 38. Kf4 {[%clk 0:01:46]} Rxh3 {[%clk 0:00:31]} 39. Ke5
{[%clk 0:01:48]} Rh4 {[%clk 0:00:28]} 40. Kxe6 {[%clk 0:01:48]} Rxg4
{[%clk 0:00:29]} 41. a4 {[%clk 0:01:49]} Bxa4 {[%clk 0:00:27]} 42. Ra2
{[%clk 0:01:51]} Bc6 {[%clk 0:00:27]} 43. Ra7 {[%clk 0:01:51]} Rg6+
{[%clk 0:00:27]} 44. Kf5 {[%clk 0:01:53]} Rf6+ {[%clk 0:00:28]} 45. Ke5
{[%clk 0:01:53]} Rxf2 {[%clk 0:00:28]} 46. Ra5+ {[%clk 0:01:54]} Kxc4 47. Ra7 e3
{[%clk 0:00:28]} 48. Rc7 {[%clk 0:01:56]} Kb5 {[%clk 0:00:29]} 49. Rxg7
{[%clk 0:01:56]} e2 {[%clk 0:00:31]} 50. Kd4 0-1

[Event "European Individual Blitz Chess Championship 2016"]
[Site "?"]
[Date "2016.12.18"]
[Round "21.7"]
[White "Zhigalko, Sergei"]
[Black "Andriasian, Zaven"]
[Result "1-0"]
[BlackElo "2720"]
[WhiteElo "2699"]
[LiveChessVersion "1.4.7"]

1. e4 {[%clk 0:03:03]} d6 {[%clk 0:03:03]} 2. d4 {[%clk 0:03:04]} g6
{[%clk 0:03:04]} 3. Nc3 {[%clk 0:03:05]} Bg7 {[%clk 0:03:05]} 4. Be3
{[%clk 0:03:03]} Nf6 {[%clk 0:03:05]} 5. Nf3 {[%clk 0:02:57]} c6 {[%clk 0:03:05]}
6. a4 {[%clk 0:02:56]} O-O {[%clk 0:02:57]} 7. h3 {[%clk 0:02:57]} Nbd7
{[%clk 0:02:55]} 8. a5 {[%clk 0:02:58]} e5 {[%clk 0:02:53]} 9. dxe5
{[%clk 0:02:59]} dxe5 {[%clk 0:02:53]} 10. Qd6 {[%clk 0:02:57]} Re8
{[%clk 0:02:52]} 11. Bc4 {[%clk 0:02:56]} Bf8 {[%clk 0:02:40]} 12. Qd3
{[%clk 0:02:48]} h6 {[%clk 0:02:32]} 13. O-O {[%clk 0:02:36]} Qe7
{[%clk 0:02:33]} 14. Na4 {[%clk 0:02:19]} Nh5 {[%clk 0:02:28]} 15. Rfd1
{[%clk 0:01:13]} Nf4 {[%clk 0:02:27]} 16. Bxf4 {[%clk 0:01:11]} exf4
{[%clk 0:02:28]} 17. e5 {[%clk 0:01:12]} Kh7 {[%clk 0:02:17]} 18. Qb3
{[%clk 0:01:03]} Nxe5 {[%clk 0:01:50]} 19. Nxe5 {[%clk 0:01:03]} Qxe5
{[%clk 0:01:51]} 20. Bxf7 {[%clk 0:01:03]} Re7 {[%clk 0:01:53]} 21. Re1
{[%clk 0:00:25]} Qf6 {[%clk 0:01:35]} 22. Rxe7 {[%clk 0:00:25]} Bxe7
{[%clk 0:01:36]} 23. Re1 {[%clk 0:00:17]} Rb8 {[%clk 0:01:24]} 24. Be6
{[%clk 0:00:11]} Bxe6 25. Rxe6 {[%clk 0:00:12]} Qf7 {[%clk 0:00:54]} 26. Nc3
{[%clk 0:00:13]} f3 {[%clk 0:00:51]} 27. Re3 {[%clk 0:00:08]} Qg7
{[%clk 0:00:47]} 28. Rxf3 {[%clk 0:00:09]} Rf8 {[%clk 0:00:36]} 29. Qxb7
{[%clk 0:00:09]} Rxf3 {[%clk 0:00:35]} 30. gxf3 {[%clk 0:00:10]} Qe5
{[%clk 0:00:31]} 31. Ne4 {[%clk 0:00:09]} h5 {[%clk 0:00:25]} 32. Qxa7
{[%clk 0:00:10]} Kh6 {[%clk 0:00:21]} 33. Qe3+ {[%clk 0:00:08]} g5
{[%clk 0:00:16]} 34. Ng3 {[%clk 0:00:09]} Qxe3 {[%clk 0:00:12]} 35. fxe3
{[%clk 0:00:10]} Bc5 {[%clk 0:00:13]} 36. Kf2 {[%clk 0:00:08]} Kg6
{[%clk 0:00:15]} 37. c3 {[%clk 0:00:09]} Ba7 {[%clk 0:00:13]} 38. b4
{[%clk 0:00:09]} Kf7 {[%clk 0:00:14]} 39. Nxh5 {[%clk 0:00:10]} Ke6
{[%clk 0:00:15]} 40. Ke2 {[%clk 0:00:11]} Kd5 {[%clk 0:00:16]} 41. Kd3
{[%clk 0:00:12]} Bb8 {[%clk 0:00:17]} 42. c4+ {[%clk 0:00:12]} Ke6
{[%clk 0:00:18]} 43. Ke4 {[%clk 0:00:11]} Bc7 {[%clk 0:00:19]} 44. a6
{[%clk 0:00:12]} Bb8 {[%clk 0:00:20]} 45. b5 {[%clk 0:00:13]} cxb5
{[%clk 0:00:21]} 46. cxb5 {[%clk 0:00:14]} Ba7 {[%clk 0:00:23]} 47. Ng3
{[%clk 0:00:15]} Bb6 {[%clk 0:00:24]} 48. Nf5 {[%clk 0:00:15]} Kd5+
{[%clk 0:03:02]} 1-0

[Event "European Individual Blitz Chess Championship 2016"]
[Site "?"]
[Date "2016.12.18"]
[Round "21.9"]
[White "Bartel, Mateusz"]
[Black "Anton Guijarro, David"]
[Result "1/2-1/2"]
[BlackElo "2600"]
[WhiteElo "2569"]
[LiveChessVersion "1.4.7"]

1. d4 {[%clk 0:03:02]} Nf6 {[%clk 0:03:03]} 2. Nf3 {[%clk 0:03:02]} e6
{[%clk 0:03:03]} 3. Bf4 {[%clk 0:03:02]} b6 {[%clk 0:03:03]} 4. e3
{[%clk 0:02:57]} Bb7 {[%clk 0:03:04]} 5. h3 {[%clk 0:02:57]} Bd6 {[%clk 0:03:05]}
6. Bxd6 {[%clk 0:02:43]} cxd6 {[%clk 0:03:05]} 7. Nbd2 {[%clk 0:02:43]} d5
{[%clk 0:03:06]} 8. a4 {[%clk 0:02:36]} Nc6 {[%clk 0:03:05]} 9. c3
{[%clk 0:02:36]} O-O {[%clk 0:02:49]} 10. Bd3 {[%clk 0:02:37]} d6
{[%clk 0:02:50]} 11. O-O {[%clk 0:02:37]} e5 {[%clk 0:02:39]} 12. Bb5
{[%clk 0:02:37]} Qe7 {[%clk 0:02:36]} 13. Re1 {[%clk 0:02:33]} a6
{[%clk 0:02:31]} 14. Bf1 {[%clk 0:02:33]} e4 {[%clk 0:02:19]} 15. Nh2
{[%clk 0:02:31]} h5 {[%clk 0:02:18]} 16. c4 {[%clk 0:02:24]} a5 {[%clk 0:02:04]}
17. cxd5 {[%clk 0:02:22]} Nb4 {[%clk 0:02:05]} 18. Nc4 {[%clk 0:02:23]} Nbxd5
{[%clk 0:01:53]} 19. Na3 {[%clk 0:02:20]} g6 {[%clk 0:01:49]} 20. Bc4
{[%clk 0:02:19]} Nb4 {[%clk 0:01:49]} 21. Nf1 {[%clk 0:02:19]} Bc8
{[%clk 0:01:34]} 22. Nc2 {[%clk 0:02:16]} d5 {[%clk 0:01:35]} 23. Nxb4
{[%clk 0:02:13]} axb4 {[%clk 0:01:35]} 24. Bb5 {[%clk 0:02:13]} Kg7
{[%clk 0:01:27]} 25. Qb3 {[%clk 0:02:07]} Be6 {[%clk 0:01:13]} 26. Rac1
{[%clk 0:02:07]} g5 {[%clk 0:01:14]} 27. Qc2 {[%clk 0:02:05]} Rfc8
{[%clk 0:01:07]} 28. Qe2 {[%clk 0:02:05]} h4 {[%clk 0:01:03]} 29. Nh2
{[%clk 0:02:00]} Bf5 {[%clk 0:01:02]} 30. Ba6 {[%clk 0:01:56]} Rxc1
{[%clk 0:00:56]} 31. Rxc1 {[%clk 0:01:56]} Qe6 {[%clk 0:00:53]} 32. Bb5
{[%clk 0:01:42]} Rc8 {[%clk 0:00:40]} 33. Rxc8 {[%clk 0:01:38]} Qxc8
{[%clk 0:00:41]} 34. Qd2 {[%clk 0:01:37]} g4 {[%clk 0:00:40]} 35. hxg4
{[%clk 0:01:37]} Nxg4 {[%clk 0:00:41]} 36. Qxb4 {[%clk 0:01:32]} Qc1+
{[%clk 0:00:34]} 37. Nf1 {[%clk 0:01:32]} Qc2 {[%clk 0:00:31]} 38. Qd2
{[%clk 0:01:33]} Qb3 {[%clk 0:00:27]} 39. f3 {[%clk 0:01:32]} Nf6
{[%clk 0:00:26]} 40. Qf2 {[%clk 0:01:33]} exf3 {[%clk 0:00:22]} 41. gxf3
{[%clk 0:01:33]} h3 {[%clk 0:00:20]} 42. Ng3 {[%clk 0:01:32]} Bg6
{[%clk 0:00:21]} 43. Kh2 {[%clk 0:01:32]} Nh7 {[%clk 0:00:10]} 44. Kxh3
{[%clk 0:01:29]} Ng5+ {[%clk 0:00:11]} 45. Kg2 {[%clk 0:01:29]} Qd1
{[%clk 0:00:11]} 46. Qe2 {[%clk 0:01:19]} Qc1 {[%clk 0:00:12]} 47. Bd7
{[%clk 0:01:02]} Kf6 {[%clk 0:00:08]} 48. b4 {[%clk 0:00:58]} Qa1
{[%clk 0:00:07]} 49. Qd2 {[%clk 0:00:52]} Ke7 {[%clk 0:00:08]} 50. Bb5
{[%clk 0:00:52]} Qb1 {[%clk 0:00:08]} 51. Be2 {[%clk 0:00:51]} Qa1
{[%clk 0:00:09]} 52. a5 {[%clk 0:00:52]} bxa5 {[%clk 0:00:09]} 53. bxa5
{[%clk 0:00:54]} Kf6 {[%clk 0:00:10]} 54. a6 {[%clk 0:00:54]} Bf5
{[%clk 0:00:08]} 55. Bf1 {[%clk 0:00:41]} Bh3+ {[%clk 0:00:09]} 56. Kf2
{[%clk 0:00:43]} Bxf1 {[%clk 0:00:07]} 57. Nxf1 {[%clk 0:00:43]} Qxa6
{[%clk 0:00:07]} 58. Qc2 {[%clk 0:00:36]} Qe6 {[%clk 0:00:04]} 59. Ng3
{[%clk 0:00:34]} Qh3 {[%clk 0:00:05]} 60. Qc7 {[%clk 0:00:25]} Qh2+
{[%clk 0:00:06]} 61. Kf1 {[%clk 0:00:26]} Qh3+ {[%clk 0:00:05]} 62. Kf2
{[%clk 0:00:27]} Qh2+ {[%clk 0:00:06]} 63. Kf1 {[%clk 0:00:24]} Qh3+
{[%clk 0:00:07]} 64. Ke2 {[%clk 0:00:24]} Qg2+ {[%clk 0:00:07]} 65. Kd3
{[%clk 0:00:25]} Qxf3 {[%clk 0:00:07]} 66. Qf4+ {[%clk 0:00:18]} Ke5 67. Ke4+
1/2-1/2

[Event "European Individual Blitz Chess Championship 2016"]
[Site "?"]
[Date "2016.12.18"]
[Round "21.19"]
[White "Kosteniuk, Alexandra"]
[Black "Kozul, Zdenko"]
[Result "1/2-1/2"]
[BlackElo "2649"]
[WhiteElo "2500"]
[LiveChessVersion "1.4.7"]

1. e4 {[%clk 0:03:02]} c5 {[%clk 0:03:03]} 2. Nf3 {[%clk 0:03:03]} d6
{[%clk 0:03:04]} 3. Bb5+ {[%clk 0:03:04]} Bd7 {[%clk 0:03:04]} 4. Bxd7+
{[%clk 0:03:04]} Nxd7 {[%clk 0:03:05]} 5. O-O {[%clk 0:02:56]} Ngf6
{[%clk 0:03:05]} 6. Re1 {[%clk 0:02:50]} e6 {[%clk 0:02:55]} 7. c3
{[%clk 0:02:48]} Be7 {[%clk 0:02:54]} 8. d4 {[%clk 0:02:48]} cxd4
{[%clk 0:02:55]} 9. cxd4 {[%clk 0:02:48]} d5 {[%clk 0:02:55]} 10. e5
{[%clk 0:02:33]} Ne4 {[%clk 0:02:56]} 11. Nbd2 {[%clk 0:02:32]} Nxd2
{[%clk 0:02:56]} 12. Bxd2 {[%clk 0:02:31]} O-O {[%clk 0:02:56]} 13. Rc1
{[%clk 0:02:28]} Qb6 {[%clk 0:02:54]} 14. Qc2 {[%clk 0:02:28]} Nb8
{[%clk 0:02:27]} 15. Qc7 {[%clk 0:02:04]} Bd8 {[%clk 0:02:08]} 16. Qxb6
{[%clk 0:01:36]} Bxb6 {[%clk 0:02:08]} 17. Bb4 {[%clk 0:01:37]} Re8
{[%clk 0:01:58]} 18. Bc5 {[%clk 0:01:38]} Nc6 {[%clk 0:01:47]} 19. b4
{[%clk 0:01:22]} Rec8 {[%clk 0:01:23]} 20. a4 {[%clk 0:01:14]} Bxc5
{[%clk 0:00:51]} 21. bxc5 b6 22. h4 {[%clk 0:00:35]} h6 {[%clk 0:00:54]} 23. Red1
{[%clk 0:00:24]} Kh7 {[%clk 0:00:53]} 24. g4 {[%clk 0:00:21]} bxc5
{[%clk 0:00:53]} 25. dxc5 {[%clk 0:00:17]} Rab8 {[%clk 0:00:52]} 26. Rb1
{[%clk 0:00:16]} Rb4 {[%clk 0:00:44]} 27. Rxb4 {[%clk 0:00:11]} Nxb4
{[%clk 0:00:45]} 28. Rc1 {[%clk 0:00:07]} a5 {[%clk 0:00:29]} 29. Rc3
{[%clk 0:00:08]} Nc6 {[%clk 0:00:29]} 30. Rb3 {[%clk 0:00:06]} Nb4
{[%clk 0:00:30]} 31. Rc3 {[%clk 0:00:08]} Kg8 {[%clk 0:00:31]} 32. Kg2
{[%clk 0:00:09]} Kf8 {[%clk 0:00:32]} 33. h5 {[%clk 0:00:10]} Ke8
{[%clk 0:00:33]} 34. Kg3 {[%clk 0:00:11]} Kd7 {[%clk 0:00:32]} 35. Nd4
{[%clk 0:00:08]} Nc6 {[%clk 0:00:26]} 36. Nxc6 {[%clk 0:00:08]} Rxc6
{[%clk 0:00:23]} 37. f4 {[%clk 0:00:06]} Rc7 {[%clk 0:00:22]} 38. g5
{[%clk 0:00:07]} Kc6 {[%clk 0:00:23]} 39. Rb3 {[%clk 0:00:08]} d4
{[%clk 0:00:23]} 40. Kf3 {[%clk 0:00:08]} Kd5 {[%clk 0:00:24]} 41. gxh6
{[%clk 0:00:07]} gxh6 {[%clk 0:00:25]} 42. Rb8 {[%clk 0:00:09]} Rxc5
{[%clk 0:00:20]} 43. Rd8+ {[%clk 0:00:10]} Kc4 {[%clk 0:00:22]} 44. Ke4
{[%clk 0:00:11]} Rd5 {[%clk 0:00:22]} 45. Rc8+ {[%clk 0:00:13]} Kb4
{[%clk 0:00:23]} 46. Kd3 {[%clk 0:00:14]} Kxa4 47. Rh8 Kb4 {[%clk 0:00:24]} 48.
Rxh6 a4 49. Rh8 {[%clk 0:00:18]} a3 {[%clk 0:00:27]} 50. Rb8+ {[%clk 0:00:19]}
Rb5 {[%clk 0:00:28]} 51. Rxb5+ {[%clk 0:00:17]} Kxb5 {[%clk 0:00:30]} 52. h6
{[%clk 0:00:19]} a2 {[%clk 0:00:31]} 53. h7 {[%clk 0:00:20]} a1=Q
{[%clk 0:00:31]} 54. h8=Q {[%clk 0:00:21]} Qc3+ {[%clk 0:00:32]} 55. Ke2
{[%clk 0:00:22]} Qe3+ {[%clk 0:00:33]} 56. Kd1 {[%clk 0:00:23]} Kc4
{[%clk 0:00:31]} 57. Qc8+ {[%clk 0:00:18]} Kb4 {[%clk 0:00:31]} 58. Qb7+
{[%clk 0:00:19]} Kc3 {[%clk 0:00:31]} 59. Qc7+ {[%clk 0:00:19]} Kb2
{[%clk 0:00:32]} 60. Qxf7 {[%clk 0:00:13]} Qf3+ {[%clk 0:00:26]} 61. Ke1
{[%clk 0:00:05]} Kc3 {[%clk 0:00:24]} 62. Qxe6 {[%clk 0:00:04]} Qe3+
{[%clk 0:00:25]} 63. Kf1 {[%clk 0:00:05]} Qxf4+ {[%clk 0:00:26]} 64. Kg2
{[%clk 0:00:06]} d3 {[%clk 0:00:26]} 65. Qc6+ {[%clk 0:00:07]} Kd4
{[%clk 0:00:27]} 66. Qa4+ {[%clk 0:00:07]} Ke3 {[%clk 0:00:28]} 67. Qxf4+
{[%clk 0:00:07]} Kxf4 {[%clk 0:00:29]} 68. e6 {[%clk 0:00:08]} d2
{[%clk 0:00:31]} 69. e7 {[%clk 0:00:10]} d1=Q {[%clk 0:00:31]} 70. e8=Q
{[%clk 0:00:11]} Ke5 1/2-1/2